| Tag |
First Indicator |
Second Indicator |
Subfields |
| LEADER |
00000cam a2200000 a 4500 |
| 001 |
in00000013609 |
| 005 |
20151007052520.0 |
| 008 |
860611s1986 enka b 10110 eng |
| 010 |
|
|
|a 86015494
|
| 020 |
|
|
|a 0419139508
|
| 035 |
|
|
|a (OCoLC)13793869
|
| 035 |
|
|
|9 AAA8100AM
|
| 040 |
|
|
|a DLC
|c DLC
|d TXA
|d UtOrBLW
|
| 049 |
|
|
|a TXAM
|c [A11463925]
|
| 050 |
0 |
0 |
|a GV557.5
|b .C67 1986b
|
| 082 |
0 |
|
|a 617/.1027
|2 19
|
| 111 |
2 |
|
|a Commonwealth and International Conference on Sport, Physical Education, Dance, Recreation, and Health
|n (8th :
|d 1986 :
|c Glasgow, Strathclyde)
|
| 245 |
1 |
0 |
|a Sport and medicine :
|b proceedings of the VIII Commonwealth and International Conference on Sport, Physical Education, Dance, Recreation, and Health : conference '86 Glasgow, 18-23 July /
|c edited by J.A. MacGregor and J.A. Moncur.
|
| 264 |
|
1 |
|a London ;
|a New York :
|b E. & F.N. Spon,
|c 1986.
|
| 300 |
|
|
|a xi, 298 pages :
|b illustrations ;
|c 24 cm.
|
| 336 |
|
|
|a text
|b txt
|2 rdacontent
|
| 337 |
|
|
|a unmediated
|b n
|2 rdamedia
|
| 338 |
|
|
|a volume
|b nc
|2 rdacarrier
|
| 500 |
|
|
|a "Patron, H.R.H. the Princess Anne."
|
| 504 |
|
|
|a Includes bibliographies and index.
|
| 650 |
|
0 |
|a Sports sciences
|v Congresses.
|
| 650 |
|
0 |
|a Sports medicine
|v Congresses.
|
| 700 |
1 |
|
|a MacGregor, J. A.
|q (James A.)
|
| 700 |
1 |
|
|a Moncur, J. A.
|q (James A.)
|
| 999 |
|
|
|a MARS
|
| 999 |
f |
f |
|s dbda7a9f-735d-3465-933a-e6213c99c980
|i c85f535d-42de-3b64-aea9-80b4eaf1b4b2
|t 0
|
| 952 |
f |
f |
|p ric
|a Texas A&M University
|b Rellis Campus
|c Joint Library Facility
|d Remote Storage
|t 0
|e GV557.5 .C67 1986b
|h Library of Congress classification
|i unmediated -- volume
|m A14811463925
|
| 998 |
f |
f |
|a GV557.5 .C67 1986b
|t 0
|l Remote Storage
|